| 000 | 00358nam a2200145Ia 4500 | ||
|---|---|---|---|
| 005 | 20240607030145.0 | ||
| 008 | 240331s9999 xx 000 0 und d | ||
| 082 |
_bWOM _a362 |
||
| 245 | 0 | _aNot gonna take it lying down | |
| 260 |
_aColombo _bWomen's Support Group _c2014 |
||
| 300 | _av,96 p., | ||
| 650 | _aViolence | ||
| 650 | _aDiscrimination | ||
| 942 | _cL | ||
| 999 |
_c5847 _d5847 |
||